000 00559nam a2200217Ia 4500
003 OSt
005 20220928140209.0
006 a|||||r|||| 00| 0
007 ta
008 220927b |||||||| |||| 00| 0 eng d
024 _a7556
037 _cTextual
040 _aSDCL
_cSDCL
_beng
041 _2eng
_aeng
082 _aX:750y6, L3
100 _aCornnelisse Peter A
_9494627
245 0 _aPrice consistency in development planning
260 _c1973
942 _hX:750y6, L3
_cTEXL
_2CC
999 _c810613
_d810613